[Event "IRI-ch U16"]
[Site "Chess.com INT"]
[Date "2021.01.16"]
[Round "5"]
[White "Khorshidi, Mohammad Javad"]
[Black "Amini, Mohammadreza"]
[Result "1-0"]
[WhiteElo "2105"]
[BlackElo "1377"]
[PlyCount "74"]
[EventDate "2021.01.16"]
[EventType "swiss"]
[EventRounds "11"]
[EventCountry "IRI"]
[SourceTitle "EXT 2022"]
[Source "ChessBase"]
[SourceDate "2021.10.06"]
[SourceVersion "1"]
[SourceVersionDate "2021.10.06"]
[SourceQuality "1"]

1. d4 d5 2. c4 e6 3. Nf3 Nf6 4. g3 c6 5. Bg2 Be7 6. 0-0 0-0 7. Qc2 Nbd7 8. Nbd2 b6 9. e4 dxe4 10. Nxe4 Ba6 11. b3 Rc8 12. Bb2 Nxe4 13. Qxe4 Nf6 14. Qc2 c5 15. Rad1 Qc7 16. Rfe1 cxd4 17. Bxd4 Rfd8 18. Ng5 h6 19. Ne4 b5 20. c5 Nxe4 21. Bxe4 Bb7 22. b4 Bxe4 23. Qxe4 Rd5 24. Be5 Qd7 25. Rxd5 exd5 26. Qd4 Bf8 27. Bf4 Re8 28. Rxe8 Qxe8 29. Qxd5 Qe1+ 30. Kg2 Qxb4 31. c6 Qc3 32. c7 g5 33. Qb7 gxf4 34. c8Q f3+ 35. Kh3 Qf6 36. Qg4+ Kh8 37. Qbxf3 Qe5 1-0

[Event "IRI-ch U16"]
[Site "Chess.com INT"]
[Date "2021.01.16"]
[Round "10"]
[White "Soleimani Moghadam, Alireza"]
[Black "Khorshidi, Mohammad Javad"]
[Result "0-1"]
[WhiteElo "1690"]
[BlackElo "2105"]
[PlyCount "126"]
[EventDate "2021.01.16"]
[EventType "swiss"]
[EventRounds "11"]
[EventCountry "IRI"]
[SourceTitle "EXT 2022"]
[Source "ChessBase"]
[SourceDate "2021.10.06"]
[SourceVersion "1"]
[SourceVersionDate "2021.10.06"]
[SourceQuality "1"]

1. e4 c5 2. Nf3 Nc6 3. Bb5 e6 4. d4 cxd4 5. Bxc6 dxc6 6. Qxd4 Qxd4 7. Nxd4 e5 8. Nf3 Bd6 9. h3 f6 10. Be3 Be6 11. Nc3 Ne7 12. 0-0-0 Bc7 13. Na4 b6 14. b3 Nc8 15. Ne1 Nd6 16. f3 0-0-0 17. Nd3 Nb5 18. Nb4 Kb7 19. c4 Nd4 20. Bxd4 exd4 21. c5 b5 22. Nb2 Rd7 23. N2d3 g5 24. Rhe1 Bg3 25. Re2 Re8 26. e5 Bf5 27. Nc2 fxe5 28. Kd2 h5 29. a4 a6 30. axb5 axb5 31. Ra1 Rh7 32. Ncb4 Rhe7 33. Ra6 e4 34. Rb6+ Kc7 35. Nxc6 Rd7 36. fxe4 Rxe4 37. Ncb4 Rxe2+ 38. Kxe2 Be4 39. Na6+ Kc8 40. Re6 Bxg2 41. c6 Rd6 42. Re8+ Rd8 43. Rxd8+ Kxd8 44. Ndc5 Bxc6 45. Ne6+ Ke7 46. Nxg5 Bd6 47. Nf3 d3+ 48. Ke3 Bb7 49. Kxd3 Bxa6 50. Nd4 Kf6 51. Ke4 Bb7+ 52. Kd3 b4 53. Kc4 h4 54. Kb5 Be5 55. Nc2 Bc8 56. Nxb4 Bxh3 57. Nd5+ Kg5 58. Kc5 Bg2 59. Ne3 h3 60. b4 Bf4 61. Nd1 h2 62. Nf2 Be3+ 63. Kc4 Bxf2 0-1

[Event "Asia Cup U14"]
[Site "Shenzhen"]
[Date "2019.12.21"]
[Round "4.4"]
[White "Khorshidi, Mohammad Javad"]
[Black "Huang, Yuen Tung"]
[Result "1-0"]
[WhiteElo "2094"]
[BlackElo "1293"]
[PlyCount "93"]
[EventDate "2019.12.19"]
[EventType "team-tourn"]
[EventRounds "9"]
[EventCountry "CHN"]
[SourceTitle "CBM 194 Extra"]
[Source "ChessBase"]
[SourceDate "2020.03.31"]
[SourceVersion "1"]
[SourceVersionDate "2020.03.31"]
[SourceQuality "1"]
[WhiteTeam "Iran"]
[BlackTeam "Hong Kong II"]
[WhiteTeamCountry "IRI"]
[BlackTeamCountry "HKG"]

1. Nf3 c5 2. c4 Nc6 3. d4 e6 4. d5 exd5 5. cxd5 Nce7 6. Nc3 d6 7. e4 a6 8. a4 Bg4 9. Be2 Nf6 10. 0-0 Ng6 11. Nd2 Bxe2 12. Qxe2 Be7 13. Nc4 0-0 14. a5 Nd7 15. f4 f6 16. Rf3 Qc7 17. Rh3 Rfe8 18. Bd2 Ndf8 19. Qh5 Bd8 20. Nb6 Rb8 21. f5 Qf7 22. fxg6 Qxg6 23. Qxg6 Nxg6 24. Nc4 Bc7 25. Be1 Ne5 26. Nxe5 fxe5 27. Na4 Rf8 28. Rf3 g6 29. b4 cxb4 30. Bxb4 Rbd8 31. Rc1 Rd7 32. Rxf8+ Kxf8 33. Rxc7 Rxc7 34. Bxd6+ Re7 35. Nc5 Ke8 36. Bxe7 Kxe7 37. Nxb7 Kd7 38. Nc5+ Kc8 39. Nxa6 h5 40. Nc5 g5 41. d6 Kb8 42. a6 g4 43. d7 Kc7 44. a7 h4 45. a8Q Kd6 46. Qd5+ Kc7 47. d8Q# 1-0